000 02576 a2200409 4500
001 119260
020 _a9781338299151
041 _aeng
082 _a[Fic]
100 _aRowling, J. K.
520 _aOs dursleys eram tão malvados e horríveis naquele verão que tudo o que harry potter queria era voltar para a escola de magia e bruxaria de hogwarts. Mas enquanto arruma as malas, harry recebe um aviso de uma estranha e malvada criatura chamada dobby, que diz que se harry potter retornar a hogwarts, o desastre acontecerá. E parece que sim. No segundo ano de harry em hogwarts, surgem novos tormentos e horrores, incluindo um novo professor escandalosamente ferido, gilderoy lockhart, um espírito chamado moaning myrtle que assombra o banheiro feminino e as atenções indesejadas da irmã mais nova de rony weasley, ginny. Mas cada um deles parece um pequeno aborrecimento quando o verdadeiro problema começa, e alguém - ou algo - começa a transformar os estudantes de hogwarts em pedra. Poderia ser draco malfoy, um rival mais venenoso do que nunca? poderia ser possivelmente hagrid, cujo passado misterioso é finalmente contado? ou poderia ser aquele que todos em hogwarts mais suspeitam. O próprio harry potter. esta linda nova edição em comemoração ao 20º aniversário da publicação de harry potter e a pedra filosofal apresenta uma capa recém-desenhada ilustrada pelo medalhista de caldecott, brian selznick, bem como a amada decoração de interiores original de mary grandpré.
521 _aYear 6
697 _aSchool stories.
697 _aWitches
697 _aWitches - Fiction
697 _aEngland
697 _aHogwarts School of Witchcraft and Wizardry (Imaginary organization)
697 _aHogwarts School of Witchcraft and Wizardry (Imaginary organization) - Fiction.
697 _aPotter, Harry (Fictional character) - Fiction.
697 _aPotter, Harry (Fictitious character) - Fiction.
697 _aSchools - Fiction.
697 _aFantasy fiction.
697 _aFantasy.
697 _aPotter, Harry (Fictitious character)
697 _aSchools
697 _aWizards
697 _aWizards - Fiction.
697 _aEngland - Fiction.
856 _u000034/000034c1.jpg
040 _aBR-BrIDEA
_cBR-BrIDEA
090 _aA Year 6 [Fic]
_bROW
245 1 0 _aHarry Potter and the chamber of secrets
_cJ. K Rowling; illtrations by Mary Grandpré
260 _aNew York
_bScholastic
_c2018
300 _av.2; 368 p.
_e13.34 x 1.91 x 20.32 cm
700 _aGrandpré, Mary
_eIllustrator
942 _cBK
999 _c119260
_d119260